000 00497nam a2200181Ia 4500
003 GCL
008 140319s9999 xx 000 0 eng d
040 _aGCL /
_cGCL
082 0 4 _aCC
_b932
_bV L
100 1 _aVERCOUTTER, JEAN
245 1 0 _aL'EGYPTE ANCIENNE /
_cVERCOUTTER, JEAN
260 _a[S.N] :
_bPRESSES UNIVERSITAIRES DE FRANCE ،
_c1949
300 _a136 P
650 0 4 _aANCIENT EGYPT - HISTORY
650 0 4 _aEGYPT - CIVILIZATION
650 0 4 _aEGYPT - ANTIQUITIES
942 _2ddc
_cBK
999 _c19623
_d19623